| 000 | 00495nam a2200205Ia 4500 | ||
|---|---|---|---|
| 008 | 230125s9999 xx 000 0 und d | ||
| 041 | _aeng | ||
| 082 |
_a371.425 _bPHI |
||
| 100 |
_aPhirke S _9113908 |
||
| 245 | _aWay to Bright Future | ||
| 250 | _a1st Ed. | ||
| 260 |
_c2007 _bGlobal Knowledge Mission _aPune |
||
| 300 | _a436p | ||
| 440 | _vII | ||
| 500 | _aGeneral;career guidance | ||
| 650 | _aGeneral | ||
| 700 |
_aPhirke S _9113908 |
||
| 906 | _b75 | ||
| 999 |
_c91182 _d91182 |
||